[Event "Madrid 2023-2024ch - Previa B"]
[Site "Madrid ESP"]
[Date "2024.02.23"]
[Round "8.2"]
[White "Palomo Monserrat, Lorenzo"]
[Black "Cardena Contreras, Javier"]
[Result "0-1"]
[WhiteElo "1867"]
[BlackElo "1882"]
[PlyCount "52"]
[EventDate "2024.02.01"]
[EventType "swiss"]
[EventRounds "9"]
[EventCountry "ESP"]
[SourceTitle "Ajedrez en Madrid"]
[Source "lmi"]
[SourceDate "2024.02.01"]
[SourceVersion "1"]
[SourceVersionDate "2024.02.25"]
[SourceQuality "1"]

1. d4 d5 2. c4 e6 3. Nc3 c5 4. cxd5 exd5 5. Nf3 Nc6 6. g3 Nf6 7. Bg2 cxd4 8.
Nxd4 Bc5 9. Be3 Qb6 10. Nxc6 Bxe3 11. fxe3 bxc6 12. Qd4 O-O 13. O-O Re8 14.
Qxb6 axb6 15. e4 Nxe4 16. Bxe4 dxe4 17. Rf4 f5 18. Rd1 Be6 19. Rd6 Rac8 20. g4
g6 21. gxf5 gxf5 22. Kf2 b5 23. a3 Kg7 24. Ke3 Kf6 25. Kd4 c5+ 26. Ke3 Rb8 0-1

[Event "Madrid 2023-2024ch - Previa B"]
[Site "Madrid ESP"]
[Date "2024.02.23"]
[Round "8.3"]
[White "Marin Lopez, Juan Jose"]
[Black "Ortega Sanchez Montanez, Marcos"]
[Result "1/2-1/2"]
[WhiteElo "1775"]
[BlackElo "1511"]
[PlyCount "84"]
[EventDate "2024.02.01"]
[EventType "swiss"]
[EventRounds "9"]
[EventCountry "ESP"]
[SourceTitle "Ajedrez en Madrid"]
[Source "lmi"]
[SourceDate "2024.02.01"]
[SourceVersion "1"]
[SourceVersionDate "2024.02.25"]
[SourceQuality "1"]

1. e4 c6 2. d4 d5 3. e5 c5 4. dxc5 e6 5. a3 Bxc5 6. Qg4 Bf8 7. Bd3 Nc6 8. Nf3
Qc7 9. O-O Nxe5 10. Nxe5 Qxe5 11. Bb5+ Bd7 12. Bxd7+ Kxd7 13. Qa4+ Kd8 14. Be3
Bd6 15. g3 Qe4 16. Qa5+ Bc7 17. Qb5 b6 18. Nd2 Qf5 19. c4 Nf6 20. Qa6 h5 21.
Nb3 Qh3 22. Rfd1 Ng4 23. cxd5 Nxh2 24. dxe6+ Ke8 25. Qb7 Rb8 26. Qc6+ Kf8 27.
Rd7 Bxg3 28. Rxf7+ Kg8 29. Rxg7+ Kxg7 30. Qd7+ Kf6 31. Qf7+ Ke5 32. Bd4+ Ke4
33. Re1+ Kd3 34. Qg6+ Kc4 35. Qc2+ Kd5 36. Qe4+ Kd6 37. Be5+ Bxe5 38. Qxe5+ Kc6
39. Nd4+ Kb7 40. Qd5+ Ka6 41. Qb5+ Kb7 42. Qc6+ Ka6 1/2-1/2

[Event "Madrid 2023-2024ch - Previa B"]
[Site "Madrid ESP"]
[Date "2024.02.23"]
[Round "8.4"]
[White "Zhao, Yuyang"]
[Black "Mansor Habash, Zouheir"]
[Result "1-0"]
[WhiteElo "1703"]
[BlackElo "1731"]
[PlyCount "67"]
[EventDate "2024.02.01"]
[EventType "swiss"]
[EventRounds "9"]
[EventCountry "ESP"]
[SourceTitle "Ajedrez en Madrid"]
[Source "lmi"]
[SourceDate "2024.02.01"]
[SourceVersion "1"]
[SourceVersionDate "2024.02.25"]
[SourceQuality "1"]

1. d4 Nf6 2. Nf3 d5 3. e3 c5 4. b3 cxd4 5. exd4 Nc6 6. Bb2 Bg4 7. Nbd2 e6 8. a3
Bd6 9. c4 O-O 10. Be2 Re8 11. Ne5 Bf5 12. O-O Ne4 13. f4 Bxe5 14. fxe5 Nxd2 15.
Qxd2 dxc4 16. bxc4 Nxe5 17. Qf4 Ng6 18. Qf3 Qb6 19. Bc3 Ne7 20. Kh1 Rac8 21. h4
Qb3 22. g4 Be4 23. Qxe4 Qxc3 24. Bd3 f5 25. Qxe6+ Kh8 26. Rad1 f4 27. Rf3 Ng6
28. Qf5 Rxc4 29. Rdf1 Rxd4 30. Bb5 Rd1 31. Rxc3 Rxf1+ 32. Bxf1 Nxh4 33. Qh5 Re1
34. Rc8+ 1-0

[Event "Madrid 2023-2024ch - Previa B"]
[Site "Madrid ESP"]
[Date "2024.02.23"]
[Round "8.5"]
[White "Mata Medina, Andres"]
[Black "Godoy Herrera, Carlos"]
[Result "0-1"]
[WhiteElo "1774"]
[BlackElo "1701"]
[PlyCount "106"]
[EventDate "2024.02.01"]
[EventType "swiss"]
[EventRounds "9"]
[EventCountry "ESP"]
[SourceTitle "Ajedrez en Madrid"]
[Source "lmi"]
[SourceDate "2024.02.01"]
[SourceVersion "1"]
[SourceVersionDate "2024.02.25"]
[SourceQuality "1"]

1. d4 d5 2. c4 e6 3. Nf3 h6 4. g3 Nf6 5. Bg2 Nc6 6. cxd5 exd5 7. O-O Bd6 8. Nc3
a6 9. Ne1 Ne7 10. f3 c5 11. e4 cxd4 12. Qxd4 Qc7 13. Nd3 Nc6 14. Qf2 dxe4 15.
Nxe4 Nxe4 16. fxe4 Ne5 17. Nxe5 Bxe5 18. Bf4 O-O 19. Rac1 Qe7 20. Bxe5 Qxe5 21.
Rc5 Qe7 22. Rfc1 Be6 23. Rc7 Qd6 24. Rxb7 Rfc8 25. Rf1 Rab8 26. Rxb8 Rxb8 27.
b3 Rd8 28. Bf3 Qb4 29. Qe1 Qc5+ 30. Kh1 Rd3 31. Bg2 Qc2 32. Qb1 Rd2 33. Qxc2
Rxc2 34. Ra1 a5 35. Bf3 Rf2 36. Bd1 Bh3 37. Bh5 g6 38. Bxg6 fxg6 39. a3 Rb2 40.
b4 axb4 41. axb4 Bg2+ 42. Kg1 Bxe4 43. Ra4 Rg2+ 44. Kf1 Rxh2 45. Ra3 Rb2 46.
Ra4 Bc6 47. Ra7 Rxb4 48. Kf2 Rb7 49. Ra6 Be8 50. Kf3 Kg7 51. Kf4 Bf7 52. g4 g5+
53. Kf5 Rb4 0-1

[Event "Madrid 2023-2024ch - Previa B"]
[Site "Madrid ESP"]
[Date "2024.02.23"]
[Round "8.6"]
[White "Bocancea, Cristian Andrei"]
[Black "Garcia Tanjala, Marko"]
[Result "0-1"]
[WhiteElo "1549"]
[BlackElo "1527"]
[PlyCount "68"]
[EventDate "2024.02.01"]
[EventType "swiss"]
[EventRounds "9"]
[EventCountry "ESP"]
[SourceTitle "Ajedrez en Madrid"]
[Source "lmi"]
[SourceDate "2024.02.01"]
[SourceVersion "1"]
[SourceVersionDate "2024.02.25"]
[SourceQuality "1"]

1. d4 Nf6 2. c4 e6 3. g3 d5 4. Nf3 b6 5. Bg2 Bb7 6. Ne5 Nbd7 7. Qa4 Bd6 8. Nc6
Qc8 9. Nc3 dxc4 10. e4 e5 11. dxe5 Nc5 12. Qxc4 Bxc6 13. exf6 gxf6 14. b4 Qe6
15. Qxe6+ Nxe6 16. a3 Be5 17. Bb2 O-O-O 18. Rd1 Rxd1+ 19. Kxd1 Rd8+ 20. Kc1 f5
21. Nd5 Bxb2+ 22. Kxb2 Kb7 23. Rd1 fxe4 24. Bxe4 Ng5 25. Bg2 Kb8 26. f4 Ne6 27.
f5 Ng7 28. g4 Ne8 29. Bf3 Nd6 30. Kb3 b5 31. Rd3 Nc4 32. Rd1 Rd6 33. Rd4 Bxd5
34. Bxd5 Ne3 0-1

[Event "Madrid 2023-2024ch - Previa B"]
[Site "Madrid ESP"]
[Date "2024.02.23"]
[Round "8.7"]
[White "Baeza Escudero, Javier"]
[Black "San Vicente Crespo, Pablo"]
[Result "0-1"]
[WhiteElo "1802"]
[BlackElo "1676"]
[PlyCount "124"]
[EventDate "2024.02.01"]
[EventType "swiss"]
[EventRounds "9"]
[EventCountry "ESP"]
[SourceTitle "Ajedrez en Madrid"]
[Source "lmi"]
[SourceDate "2024.02.01"]
[SourceVersion "1"]
[SourceVersionDate "2024.02.25"]
[SourceQuality "1"]

1. e4 c5 2. Nf3 Nc6 3. Nc3 d6 4. d4 cxd4 5. Nxd4 e5 6. Nf3 Be7 7. Be3 Nf6 8. h3
O-O 9. Qd2 Be6 10. O-O-O Qa5 11. a3 Rab8 12. Ng5 b5 13. Nxe6 fxe6 14. f3 b4 15.
Nb1 d5 16. Bg5 Nd4 17. Qd3 Rfc8 18. Rd2 bxa3 19. Nxa3 Nb3+ 20. Kd1 Nxd2 21.
Bxd2 Bb4 22. Bc1 dxe4 23. Qb3 Rd8+ 24. Ke2 exf3+ 25. gxf3 Nd5 26. Nc4 Qa6 27.
Kf2 Bc5+ 28. Ne3 Rxb3 29. Bxa6 Bxe3+ 30. Bxe3 Rxe3 31. c4 Rb3 32. cxd5 Rxb2+
33. Ke3 exd5 34. Rd1 Kf7 35. Rd3 Ke6 36. Ra3 Rdb8 37. Bd3 R8b7 38. Ra6+ R2b6
39. Ra4 h6 40. h4 Rf7 41. Rg4 d4+ 42. Kf2 Rb2+ 43. Kg3 Rc7 44. Rg6+ Kd5 45. Ra6
Rd2 46. Ra5+ Kd6 47. Be4 Rd1 48. Kg4 Rg1+ 49. Kh5 Re7 50. Rd5+ Kc7 51. Rb5 Rd7
52. Rb7+ Kd8 53. Rb3 Ke7 54. Ra3 Rg3 55. Bc6 Rd6 56. Be4 a6 57. Rb3 d3 58. Bxd3
Rxf3 59. Rb7+ Rd7 60. Bxa6 Rxb7 61. Bxb7 Rf4 62. Kg6 Rxh4 0-1

[Event "Madrid 2023-2024ch - Previa B"]
[Site "Madrid ESP"]
[Date "2024.02.23"]
[Round "8.8"]
[White "Senador-Gomez Jaen, Julio"]
[Black "Alonso Anton, Carlos"]
[Result "1-0"]
[WhiteElo "1408"]
[BlackElo "1776"]
[PlyCount "115"]
[EventDate "2024.02.01"]
[EventType "swiss"]
[EventRounds "9"]
[EventCountry "ESP"]
[SourceTitle "Ajedrez en Madrid"]
[Source "lmi"]
[SourceDate "2024.02.01"]
[SourceVersion "1"]
[SourceVersionDate "2024.02.25"]
[SourceQuality "1"]

1. d4 d5 2. Nf3 Nf6 3. e3 Bf5 4. b3 e6 5. Bb2 Bd6 6. Bd3 O-O 7. c4 Bb4+ 8. Nc3
Ne4 9. Rc1 Nd7 10. O-O Nxc3 11. Bxc3 Bxd3 12. Qxd3 Bxc3 13. Rxc3 c6 14. Rfc1
Nf6 15. Nd2 Qa5 16. R3c2 dxc4 17. Nxc4 Qh5 18. Nd6 Rab8 19. Rc5 Qg6 20. Qxg6
hxg6 21. Nc4 Rfd8 22. f3 Rd5 23. Rxd5 Nxd5 24. Kf2 Nb4 25. Rd1 Nxa2 26. Ra1 Nc3
27. Rxa7 Nb5 28. Ra5 f6 29. Ke2 Kf7 30. Kd3 Rd8 31. f4 Ke7 32. g4 Rh8 33. Ra2
Rh4 34. Rg2 Rh8 35. Ra2 Rd8 36. b4 Rh8 37. Na5 Rb8 38. Rc2 Kd7 39. h4 Nd6 40.
Rc5 b6 41. Nxc6 Ra8 42. Rc2 Ra3+ 43. Ke2 Rb3 44. Nb8+ Kd8 45. Na6 Ra3 46. Nb8
Rb3 47. Na6 Ra3 48. Nc7 Kd7 49. d5 e5 50. fxe5 fxe5 51. Ne6 Rb3 52. Rc7+ Ke8
53. Nxg7+ Kd8 54. Ne6+ Ke8 55. Rc6 Rb2+ 56. Kf3 e4+ 57. Kf4 Rf2+ 58. Ke5 1-0

[Event "Madrid 2023-2024ch - Previa B"]
[Site "Madrid ESP"]
[Date "2024.02.23"]
[Round "8.9"]
[White "Hurtado Garrido, Reyes"]
[Black "Anton Ortiz, Carlos"]
[Result "0-1"]
[WhiteElo "1697"]
[BlackElo "1615"]
[PlyCount "79"]
[EventDate "2024.02.01"]
[EventType "swiss"]
[EventRounds "9"]
[EventCountry "ESP"]
[SourceTitle "Ajedrez en Madrid"]
[Source "lmi"]
[SourceDate "2024.02.01"]
[SourceVersion "1"]
[SourceVersionDate "2024.02.25"]
[SourceQuality "1"]

1. d4 e6 2. Bf4 Nf6 3. e3 b6 4. c3 Bb7 5. Nd2 c5 6. Ngf3 Be7 7. a3 Ne4 8. Nxe4
Bxe4 9. Nd2 Bc6 10. Qg4 cxd4 11. exd4 g5 12. Be5 h5 13. Qg3 f6 14. Bxb8 Rxb8
15. Bd3 f5 16. Qe5 Bf6 17. Qe2 Qe7 18. f3 Kf7 19. O-O-O b5 20. g4 b4 21. c4
Bxd4 22. gxf5 Rh6 23. fxe6+ Rxe6 24. Ne4 d5 25. cxd5 Bxd5 26. b3 Rc8+ 27. Kb1
Rc3 28. Nxc3 Rxe2 29. Nxe2 Bf6 30. Kc1 Qc5+ 31. Kd2 Bxf3 32. Rc1 Bc3+ 33. Kc2
Bxh1 34. Rxh1 Be5+ 35. Bc4+ Kg6 36. Rd1 Qc8 37. Rd5 Bf6 38. Rd3 Qf5 39. Kd2 Qe5
40. Nd4 0-1

[Event "Madrid 2023-2024ch - Previa B"]
[Site "Madrid ESP"]
[Date "2024.02.23"]
[Round "8.10"]
[White "Lorenzo Martin, Hector"]
[Black "Perez Pascual, Arturo"]
[Result "1-0"]
[WhiteElo "1498"]
[BlackElo "1523"]
[PlyCount "128"]
[EventDate "2024.02.01"]
[EventType "swiss"]
[EventRounds "9"]
[EventCountry "ESP"]
[SourceTitle "Ajedrez en Madrid"]
[Source "lmi"]
[SourceDate "2024.02.01"]
[SourceVersion "1"]
[SourceVersionDate "2024.02.25"]
[SourceQuality "1"]

1. b3 d5 2. Bb2 Nf6 3. e3 c6 4. Nf3 Bf5 5. Be2 e6 6. d3 Nbd7 7. Nh4 Bg6 8. g4
e5 9. g5 Ng8 10. f4 h6 11. Nxg6 fxg6 12. h4 hxg5 13. fxg5 Be7 14. Bf3 Bxg5 15.
hxg5 Rxh1+ 16. Bxh1 Qxg5 17. Qf3 Qh4+ 18. Kd2 O-O-O 19. Nc3 Rf8 20. Qd1 Nh6 21.
Bf3 Qf2+ 22. Be2 Ng4 23. Qg1 d4 24. Ne4 dxe3+ 25. Kc3 Qxe2 26. Ba3 Rf4 27. Re1
Qf3 28. Ng5 Qd5 29. Kb2 Qa5 30. Qh1 c5 31. Ne4 Nf2 32. Qg1 Nxe4 33. dxe4 Rxe4
34. Rxe3 Rxe3 35. Qxe3 Qb5 36. Qh3 Kc7 37. Qh8 Qe2 38. Qxg7 Qe4 39. Bxc5 b6 40.
Bf2 Qf5 41. Bg3 Kc6 42. Qg8 Kb7 43. Qe8 g5 44. Qg8 e4 45. Qc4 Qf6+ 46. Kb1 Qc6
47. Qe2 Nf6 48. Qe3 Qd5 49. Qc3 Qc5 50. Qxf6 Qg1+ 51. Kb2 Qxg3 52. Qe7+ Ka6 53.
Qa3+ Kb7 54. Qe7+ Kc8 55. Qxe4 g4 56. Qe8+ Kc7 57. Qe7+ Kc6 58. Qe8+ Kd5 59.
Qa8+ Kd4 60. Qh8+ Ke4 61. Qh7+ Kf3 62. Qd3+ Kf2 63. Qd4+ Kg2 64. Qd2+ Qf2 1-0

[Event "Madrid 2023-2024ch - Previa B"]
[Site "Madrid ESP"]
[Date "2024.02.23"]
[Round "8.11"]
[White "De Dompablo Fantova, Juan"]
[Black "Pareja Cerrato, Antonio"]
[Result "1-0"]
[WhiteElo "1564"]
[BlackElo "1464"]
[PlyCount "89"]
[EventDate "2024.02.01"]
[EventType "swiss"]
[EventRounds "9"]
[EventCountry "ESP"]
[SourceTitle "Ajedrez en Madrid"]
[Source "lmi"]
[SourceDate "2024.02.01"]
[SourceVersion "1"]
[SourceVersionDate "2024.02.25"]
[SourceQuality "1"]

1. e4 e5 2. Nf3 d6 3. d4 Nf6 4. Nc3 exd4 5. Nxd4 Be7 6. Bf4 Nbd7 7. Qd2 Nc5 8.
f3 Ne6 9. Be3 c6 10. Nf5 d5 11. Nxe7 Qxe7 12. exd5 cxd5 13. O-O-O O-O 14. Nxd5
Nxd5 15. Qxd5 Rd8 16. Qe5 Bd7 17. Bd3 f6 18. Qe4 g6 19. Bc4 b5 20. Rxd7 Rxd7
21. Qxa8+ Rd8 22. Bxe6+ Kg7 23. Qe4 Re8 24. Bd5 Qd8 25. Qd3 Re5 26. Bb3 Qe7 27.
Re1 Qb4 28. c3 Qe7 29. Kd2 a5 30. Bf2 b4 31. Rxe5 Qxe5 32. Qd7+ Kh6 33. Be3+ g5
34. Qh3+ Kg6 35. Bc2+ f5 36. Qg3 Qd5+ 37. Bd3 h6 38. h4 Qxa2 39. hxg5 Qxb2+ 40.
Bc2 h5 41. Qd6+ Kf7 42. g6+ Kg7 43. Qe5+ Kg8 44. Qxf5 b3 45. Qf7+ 1-0

[Event "Madrid 2023-2024ch - Previa B"]
[Site "Madrid ESP"]
[Date "2024.02.23"]
[Round "8.12"]
[White "Quiroga Andres, Carlos"]
[Black "Manas Carrete, Miguel Angel"]
[Result "1-0"]
[WhiteElo "1373"]
[BlackElo "1500"]
[PlyCount "78"]
[EventDate "2024.02.01"]
[EventType "swiss"]
[EventRounds "9"]
[EventCountry "ESP"]
[SourceTitle "Ajedrez en Madrid"]
[Source "lmi"]
[SourceDate "2024.02.01"]
[SourceVersion "1"]
[SourceVersionDate "2024.02.25"]
[SourceQuality "1"]

1. d4 d5 2. c4 dxc4 3. e3 Bf5 4. Bxc4 e6 5. Nc3 Nf6 6. Nge2 c6 7. O-O Bd6 8. f3
Qc7 9. e4 Bxh2+ 10. Kh1 Bg6 11. e5 Bxe5 12. dxe5 Qxe5 13. Nf4 Nbd7 14. Re1 Qc5
15. Bb3 O-O-O 16. Be3 Qa5 17. Qe2 Bf5 18. Bc2 a6 19. Bxf5 Qxf5 20. Nh3 h6 21.
Nf2 g5 22. Nce4 Nd5 23. Nd6+ Kc7 24. Nxf5 exf5 25. Rac1 f4 26. Bd4 f6 27. Ne4
Rhe8 28. Qc4 Ne5 29. Bxe5+ fxe5 30. Nc3 Ne3 31. Rxe3 fxe3 32. Re1 Re7 33. Rxe3
Rd4 34. Qe2 Red7 35. Rxe5 Rd2 36. Qe3 R7d3 37. Re7+ Kd8 38. Re8+ Kc7 39. Qe5+
Kd7 1-0

[Event "Madrid 2023-2024ch - Previa B"]
[Site "Madrid ESP"]
[Date "2024.02.23"]
[Round "8.14"]
[White "Liern Matesanz, Jairo"]
[Black "Marcos Medina, Alejandro"]
[Result "1-0"]
[WhiteElo "1521"]
[BlackElo "1642"]
[PlyCount "145"]
[EventDate "2024.02.01"]
[EventType "swiss"]
[EventRounds "9"]
[EventCountry "ESP"]
[SourceTitle "Ajedrez en Madrid"]
[Source "lmi"]
[SourceDate "2024.02.01"]
[SourceVersion "1"]
[SourceVersionDate "2024.02.25"]
[SourceQuality "1"]

1. d4 d5 2. c4 e6 3. Nc3 Bb4 4. Qa4+ Nc6 5. e3 Nf6 6. Bd2 Bd7 7. Qc2 O-O 8. Nf3
Bxc3 9. Bxc3 Ne4 10. Bd3 f5 11. cxd5 exd5 12. h4 b6 13. Qb3 Be6 14. Qb5 Qe8 15.
Bxe4 fxe4 16. Ng5 a6 17. Qb3 h6 18. Nxe6 Qxe6 19. O-O Rf5 20. Be1 Re8 21. Rc1
a5 22. Qb5 Rf6 23. Rc2 Rd8 24. Bd2 Rg6 25. Rfc1 Rd6 26. Qe2 Qh3 27. g3 Qxh4 28.
Rxc6 Qh3 29. Rxd6 cxd6 30. Qf1 Qg4 31. Qb5 Qf3 32. Qf1 h5 33. Qg2 Qg4 34. Kh2
Rf6 35. Bc3 h4 36. Rg1 Qe2 37. Be1 h3 38. Qf1 Qxb2 39. g4 Qxa2 40. g5 Rf3 41.
Rg3 Rxg3 42. Kxg3 Qc4 43. Qxh3 Qe2 44. g6 Qf3+ 45. Kh2 Qxh3+ 46. Kxh3 Kf8 47.
Kg4 Ke7 48. Kf5 Kd7 49. Bd2 Kc6 50. Ke6 a4 51. Bb4 Kb5 52. Bxd6 Kc4 53. Kf7 b5
54. Kxg7 b4 55. Kf7 a3 56. g7 a2 57. g8=Q a1=Q 58. Qc8+ Kd3 59. Bxb4 Qa7+ 60.
Ke6 Qb6+ 61. Bd6 Ke2 62. Qc2+ Kf3 63. Kxd5 Qb7+ 64. Qc6 Qf7+ 65. Kc5 Qa7+ 66.
Kb5 Qf7 67. Bg3 Qb3+ 68. Kc5 Qa3+ 69. Kd5 Qb3+ 70. Ke5 Qb8+ 71. Kf5 Qf8+ 72.
Qf6 Qc8+ 73. Ke5+ 1-0

[Event "Madrid 2023-2024ch - Previa B"]
[Site "Madrid ESP"]
[Date "2024.02.23"]
[Round "8.15"]
[White "Veiga Macias, Rodrigo"]
[Black "Tendero Perez, Daniel"]
[Result "1/2-1/2"]
[WhiteElo "1339"]
[BlackElo "1603"]
[PlyCount "166"]
[EventDate "2024.02.01"]
[EventType "swiss"]
[EventRounds "9"]
[EventCountry "ESP"]
[SourceTitle "Ajedrez en Madrid"]
[Source "lmi"]
[SourceDate "2024.02.01"]
[SourceVersion "1"]
[SourceVersionDate "2024.02.25"]
[SourceQuality "1"]

1. e4 d6 2. d4 Nd7 3. Nf3 Ngf6 4. Nc3 e5 5. dxe5 dxe5 6. Bd3 Bd6 7. O-O Nc5 8.
Bg5 h6 9. Bh4 g5 10. Bg3 Qe7 11. Re1 a6 12. a4 Nh5 13. Nd5 Qd8 14. Bxe5 f6 15.
Bxd6 Qxd6 16. Nd4 Ng7 17. Qf3 O-O 18. Bc4 Kh8 19. b4 Nd7 20. c3 Ne5 21. Qe2
Nxc4 22. Qxc4 c6 23. Nb6 Rb8 24. a5 Bg4 25. f3 Bh5 26. Rad1 Bf7 27. Qe2 Qc7 28.
Nc2 Rbd8 29. Rxd8 Rxd8 30. Rd1 Rxd1+ 31. Qxd1 Bb3 32. Qd2 Ne6 33. Nd4 Nxd4 34.
Qxd4 Qf4 35. Qd8+ Kg7 36. Qd7+ Kg6 37. Qd3 Qc1+ 38. Kf2 Bc2 39. Qd8 Bb3 40. Qd3
Qb2+ 41. Kg3 Qc1 42. Kh3 Be6+ 43. g4 h5 44. e5+ Kh6 45. Kg2 hxg4 46. fxg4 fxe5
47. Nc4 Qf4 48. Ne3 Bxg4 49. Nxg4+ Qxg4+ 50. Kf2 e4 51. Qd6+ Kh5 52. Qe7 Qf3+
53. Kg1 e3 54. Qh7+ Kg4 55. Qd7+ Qf5 56. h3+ Kf4 57. Qd4+ Kf3 58. Qd1+ e2 59.
Qe1 Qc2 60. Qf2+ Ke4 61. Qd4+ Kf5 62. Kf2 Kg6 63. Qe3 e1=R+ 64. Kxe1 Qf5 65.
Qe8+ Kf6 66. Qf8+ Ke5 67. Qe7+ Kf4 68. Qd6+ Kf3 69. Kd2 Qf4+ 70. Qxf4+ gxf4 71.
h4 Kg4 72. Ke2 Kxh4 73. Kf3 Kg5 74. c4 Kf5 75. c5 Ke5 76. Ke2 Kd4 77. Kf3 Kc4
78. Kxf4 Kxb4 79. Ke4 Kxc5 80. Kd3 Kb4 81. Kd4 Kxa5 82. Kc5 Ka4 83. Kb6 Kb4
1/2-1/2

[Event "Madrid 2023-2024ch - Previa B"]
[Site "Madrid ESP"]
[Date "2024.02.23"]
[Round "8.16"]
[White "Huang, Liangzhi"]
[Black "Blanco Barrios, Aitana"]
[Result "1/2-1/2"]
[WhiteElo "1569"]
[BlackElo "1519"]
[PlyCount "136"]
[EventDate "2024.02.01"]
[EventType "swiss"]
[EventRounds "9"]
[EventCountry "ESP"]
[SourceTitle "Ajedrez en Madrid"]
[Source "lmi"]
[SourceDate "2024.02.01"]
[SourceVersion "1"]
[SourceVersionDate "2024.02.25"]
[SourceQuality "1"]

1. e4 e5 2. Nf3 Nc6 3. Bc4 Bc5 4. c3 Nf6 5. d4 exd4 6. e5 d5 7. Bb5 Ne4 8. cxd4
Bb4+ 9. Bd2 Nxd2 10. Nbxd2 O-O 11. O-O Bg4 12. h3 Bh5 13. Nb3 Na5 14. Rc1 Nxb3
15. Qxb3 Ba5 16. Rfd1 c6 17. Be2 Bb6 18. Qe3 Rc8 19. Bd3 Re8 20. Bf5 Rc7 21.
Qd3 Bg6 22. Bxg6 hxg6 23. h4 Qd7 24. Ng5 Qg4 25. g3 Qf5 26. Qxf5 gxf5 27. f4 g6
28. Rc2 Rcc8 29. Kf2 Bd8 30. Nf3 Bb6 31. b4 a5 32. bxa5 Bxa5 33. Rb1 b6 34.
Rbc1 c5 35. dxc5 bxc5 36. Kf1 Bb4 37. Nd4 Ra8 38. Nb5 Ra5 39. Nd6 Rea8 40. Nb7
Rxa2 41. Rxa2 Rxa2 42. Nxc5 Ba3 43. Rc3 Bb4 44. Rc1 Ba3 45. Rc3 Bb4 46. Rc1 Bd2
47. Rb1 Be3 48. Nd7 Ra7 49. Nf6+ Kg7 50. Nxd5 Ra3 51. Nxe3 Rxe3 52. Kf2 Ra3 53.
Rb7 Ra2+ 54. Kf3 Ra3+ 55. Kg2 Ra2+ 56. Kh3 Re2 57. g4 Re3+ 58. Kg2 fxg4 59. Kf2
Rf3+ 60. Kg2 Rxf4 61. e6 Kf8 62. Rxf7+ Rxf7 63. exf7 Kxf7 64. Kg3 Kg7 65. Kxg4
Kh6 66. Kf4 Kh5 67. Kg3 g5 68. hxg5 Kxg5 1/2-1/2

[Event "Madrid 2023-2024ch - Previa B"]
[Site "Madrid ESP"]
[Date "2024.02.23"]
[Round "8.18"]
[White "Alvear Zapata, Juan Pablo"]
[Black "Gonzalez Jimenez, Marcos Valerio"]
[Result "0-1"]
[WhiteElo "1525"]
[BlackElo "1462"]
[PlyCount "54"]
[EventDate "2024.02.01"]
[EventType "swiss"]
[EventRounds "9"]
[EventCountry "ESP"]
[SourceTitle "Ajedrez en Madrid"]
[Source "lmi"]
[SourceDate "2024.02.01"]
[SourceVersion "1"]
[SourceVersionDate "2024.02.25"]
[SourceQuality "1"]

1. e4 c5 2. Nf3 e6 3. d4 cxd4 4. Nxd4 Nc6 5. c4 Nf6 6. f3 Nxe4 7. Nxc6 Qh4+ 8.
Ke2 bxc6 9. fxe4 Qxe4+ 10. Be3 Qxc4+ 11. Kf2 Qh4+ 12. g3 Qf6+ 13. Kg2 Qxb2+ 14.
Nd2 Be7 15. Rb1 Qxa2 16. Bc4 Qa5 17. Rf1 O-O 18. Ra1 Qc7 19. Qh5 d5 20. Bd3 f5
21. g4 g6 22. Qh6 Bf6 23. gxf5 exf5 24. Bc5 Bg7 25. Qg5 Re8 26. Rfe1 Be6 27.
Re3 Bxa1 0-1

[Event "Madrid 2023-2024ch - Previa B"]
[Site "Madrid ESP"]
[Date "2024.02.23"]
[Round "8.20"]
[White "Quiros Florea, Rafael-Santiago"]
[Black "Moreno Sabroso, Ruben"]
[Result "1-0"]
[WhiteElo "1266"]
[BlackElo "1417"]
[PlyCount "123"]
[EventDate "2024.02.01"]
[EventType "swiss"]
[EventRounds "9"]
[EventCountry "ESP"]
[SourceTitle "Ajedrez en Madrid"]
[Source "lmi"]
[SourceDate "2024.02.01"]
[SourceVersion "1"]
[SourceVersionDate "2024.02.25"]
[SourceQuality "1"]

1. d4 d5 2. c4 e6 3. Nc3 Nf6 4. cxd5 exd5 5. Bg5 c6 6. Qc2 Be6 7. e3 Nbd7 8.
Bd3 h6 9. Bh4 g5 10. Bg3 Nh5 11. Nge2 Nxg3 12. hxg3 Bg7 13. f4 Bg4 14. Bf5 Bxf5
15. Qxf5 Qf6 16. Qxf6 Bxf6 17. Kd2 O-O-O 18. Rh5 Rdg8 19. f5 Re8 20. Rah1 Bg7
21. Nd1 Nf6 22. R5h3 Ng4 23. Re1 Re7 24. Ng1 Rhe8 25. Nf3 Kd7 26. Kd3 Re4 27.
Re2 Kd6 28. Rh1 b6 29. b4 Bf8 30. Rhe1 Kd7 31. a3 f6 32. Nf2 Nxf2+ 33. Rxf2 Rg4
34. Rfe2 Bd6 35. Rh1 Rh8 36. e4 dxe4+ 37. Rxe4 Rxe4 38. Kxe4 Bxg3 39. Nd2 h5
40. Kf3 h4 41. Ne4 Rf8 42. Nxg3 hxg3 43. Rh7+ Kd6 44. Rxa7 Kd5 45. Rd7+ Kc4 46.
Rd6 c5 47. dxc5 bxc5 48. Rc6 Kb3 49. bxc5 Kxa3 50. Kxg3 Kb4 51. Kg4 Kb5 52. Re6
Kxc5 53. Kh5 Kd5 54. Re2 Rg8 55. Re6 Rh8+ 56. Kg6 Rh2 57. Re2 g4 58. Kxf6 Rh8
59. Kg7 Ra8 60. f6 Ra6 61. f7 Ra7 62. Kg8 1-0

[Event "Madrid 2023-2024ch - Previa B"]
[Site "Madrid ESP"]
[Date "2024.02.23"]
[Round "8.23"]
[White "Bonte Blazquez, Antonio"]
[Black "Arce Balluerca, Oscar"]
[Result "0-1"]
[WhiteElo "1237"]
[BlackElo "1870"]
[PlyCount "50"]
[EventDate "2024.02.01"]
[EventType "swiss"]
[EventRounds "9"]
[EventCountry "ESP"]
[SourceTitle "Ajedrez en Madrid"]
[Source "lmi"]
[SourceDate "2024.02.01"]
[SourceVersion "1"]
[SourceVersionDate "2024.02.25"]
[SourceQuality "1"]

1. c4 e5 2. g3 f5 3. Bg2 Nf6 4. Nc3 c6 5. e3 g6 6. Nge2 Bg7 7. O-O O-O 8. d3 d6
9. a4 Na6 10. b3 e4 11. d4 Nb4 12. Ba3 Nd3 13. Nc1 Nxc1 14. Rxc1 Re8 15. d5 c5
16. b4 b6 17. Rb1 Ng4 18. Ne2 Ne5 19. Qc2 cxb4 20. Rxb4 a5 21. Rb3 Ba6 22. Rc3
Rc8 23. Rc1 Nxc4 24. Rxc4 Rxc4 25. Qd2 Rxa4 0-1

[Event "Madrid 2023-2024ch - Previa B"]
[Site "Madrid ESP"]
[Date "2024.02.23"]
[Round "8.24"]
[White "Neill Rodriguez, John"]
[Black "Huang, Liangpeng"]
[Result "1/2-1/2"]
[WhiteElo "1180"]
[BlackElo "1455"]
[PlyCount "49"]
[EventDate "2024.02.01"]
[EventType "swiss"]
[EventRounds "9"]
[EventCountry "ESP"]
[SourceTitle "Ajedrez en Madrid"]
[Source "lmi"]
[SourceDate "2024.02.01"]
[SourceVersion "1"]
[SourceVersionDate "2024.02.25"]
[SourceQuality "1"]

1. d4 c5 2. c3 cxd4 3. cxd4 e6 4. e4 Nf6 5. e5 Nd5 6. Nf3 d6 7. Bb5+ Bd7 8.
Bxd7+ Nxd7 9. exd6 Bxd6 10. O-O O-O 11. Nc3 Nxc3 12. bxc3 Qc7 13. Qc2 Rac8 14.
Bd2 Nf6 15. Rab1 b6 16. Rb3 Bf4 17. Bxf4 Qxf4 18. Qd2 Qxd2 19. Nxd2 Nd5 20. Rc1
Rc6 21. g3 Rfc8 22. c4 g6 23. Rcb1 Ne7 24. Ra3 a5 25. Rab3 1/2-1/2